000 00246nam a2200097Ia 4500
001 1119947
005 20250827004614.0
008 250824s9999 xx 000 0 und d
245 0 _aTUT ELİNİ 2-2 16
_cLARA TUKSAL
260 _bDESTEK YAYINLARI
999 _c1119947
_d1119947